000 00398nam a2200169Ia 4500
008 230524s9999 xx 000 0 und d
082 _a4
_bMAR
100 _aWilliam.E.Mayo
245 0 _aProgramming with fortan 77
250 _a1ST
260 _aNEW DELHI
_bTMH
_c1995
300 _aVI;346
500 _aQuantity Number: 3
650 _aComp-Sc
700 _a Martin Cwiakala
942 _cBK
999 _c22529
_d22529